Studi sull'esecuzione personale. Debiti e debitori nei primi due secoli della repubblica romana
Saved in:
| Main Author: | |
|---|---|
| Format: | Book |
| Language: | Italian |
| Published: |
Milán
Dott. A. Giuffrè
1981
|
| Series: | Pubblicazioni dell'Istituto di Diritto Romano e dei Diritto Dell'Oriente Mediterraneo, 60
|
| Subjects: | |
| Tags: |
Add Tag
No Tags, Be the first to tag this record!
|
MARC
| LEADER | 00000nam a2200000 a 4500 | ||
|---|---|---|---|
| 001 | UCR0959 | ||
| 003 | CL-VaPUC | ||
| 008 | 971205e19810000IT |||||||||||||||||ita|d | ||
| 082 | 0 | 4 | |a 340.54 |b PEP |2 21 |
| 100 | 0 | |a Peppe, Leo |e author |9 397639 | |
| 245 | 1 | 0 | |a Studi sull'esecuzione personale. Debiti e debitori nei primi due secoli della repubblica romana |
| 300 | |a 290 p | ||
| 942 | |c BK | ||
| 945 | |d 19971205 00:00:00 |a aolguin | ||
| 260 | |a Milán |b Dott. A. Giuffrè |c 1981 | ||
| 650 | 0 | |a Derecho romano |9 255930 | |
| 650 | 0 | |a Historia |9 255047 | |
| 650 | 7 | |a FUENTES |2 CL-VaPUC |9 255666 | |
| 583 | |a last modification |c 19971205 00:00:00 |k Rodrigo Vera | ||
| 490 | 0 | |a Pubblicazioni dell'Istituto di Diritto Romano e dei Diritto Dell'Oriente Mediterraneo, 60 | |
| 999 | |c 264456 |d 264454 | ||
| 952 | |0 0 |1 0 |4 0 |6 340_540000000000000_PEP_1981 |7 0 |8 DER_ROM |9 294733 |a BIBDER |b BIBDER |d 2019-11-19 |i 1909908 |o 340.54 PEP 1981 |p 1909908 |r 2023-01-25 |w 2019-11-19 |x Ubicación 4to piso |y BK |z Este recurso debe solicitarse con anticipación |k DER | ||